| 000 | 00000nam 2200000za 4500 |
| 001 | 9.816647 |
| 003 | CaOODSP |
| 005 | 20221107142309 |
| 007 | cr ||||||||||| |
| 008 | 160502s1991 onc |o f10| 0 eng d |
| 020 | |qprint : |z0-660-56438-6 |
| 040 | |aCaOODSP|beng |
| 041 | |aeng|afre |
| 043 | |an-cn--- |
| 086 | 1 |aFs41-31/113-PDF|zFs41-31/113 |
| 245 | 03|aLe golfe du Saint-Laurent |h[electronic resource] : |bpetit océan ou grand estuaire? : compte-rendus d'un atelier/symposium tenu à l'Institut Maurice-Lamontagne (Mont-Joli) du 14 au 17 mars 1989 = The Gulf of St. Lawrence : small ocean or big estuary? : Proceedings of a workshop/symposium help at the Maurice Lamontagne Institute, Mont-Joli, 14-17 March 1989 / |cedited by Jean-Claude Therriault. |
| 246 | 11|aGulf of St. Lawrence : small ocean or big estuary? : Proceedings of a workshop/symposium help at the Maurice Lamontagne Institute, Mont-Joli, 14-17 March 1989 |
| 260 | |aOttawa : |bDepartment of Fisheries and Oceans, |c1991. |
| 300 | |aviii, 359 p.|bmaps, tables graphs. |
| 490 | 1 |aCanadian special publication of fisheries and aquatic sciences ; |v113 |
| 504 | |aIncludes bibliographic references. |
| 546 | |aText in English and French. |
| 692 | 07|2gccst|aWatercourses |
| 700 | 1 |aTherriault, Jean-Claude, |eed. |
| 710 | 1 |aCanada. |bDepartment of Fisheries and Oceans. |
| 776 | 0#|tThe Gulf of St. Lawrence: small ocean or big estuary? Proceedings of a workshop/symposium held at the Maurice Lamontagne Institute, Mont-Joli, Quebec, 14-17 March, 1989 / |w(CaOODSP)9.518676 |
| 792 | |tLe golfe du Saint-Laurent |efre|w(CaOODSP)9.816650 |
| 830 | #0|aCanadian special publication of fisheries and aquatic sciences ;|v113|w(CaOODSP)9.816381 |
| 856 | 40|qPDF|s11.27 MB|uhttps://publications.gc.ca/collections/collection_2016/mpo-dfo/Fs41-31-113.pdf |